00938 a2200193 45000010006000000050017000060080041000230030015000640400040000790800104001192450120002230200018003432640033003613000019003945050201004130410008006141000027006228560095006494117520260407155705.0260407a2002 arg spa dAR-UNSa-BCEJYS aAR-UNSa-BCEJYSbspacAR-UNSa-BCEJYS a347.736xQuiebra. Insolvencia. Suspensión de pagos. Bancarrota, procedimientos. Derecho Concursal10aEl síndico concursal en la quiebrapExtensión en la quiebra. Acción de responsabilidad. Revocatoria concursal a950-894-371-8 1aBuenos Aires :bAD-HOCc2002 a143 p.c23 cm. a1. Quiebra dependiente. Extensión de quiebra - 2. Ineficacia concursal (o de la inoponibilidad de actos) - 3. Acción de responsabilidad (con fundamento en el derecho concursal y societario) -  aspa1 aCiminelli, Juan Carlos41uhttps://biblioeco.unsa.edu.ar/pmb/images/libros/L126401.jpgyImagen de portadaqimage/jpeg